Chinese Geopolitics in The 21St Century : A Post Pandemic Perspective (Record no. 525902)

MARC details
000 -LEADER
fixed length control field 00888nam a2200205Ia 4500
008 - FIXED-LENGTH DATA ELEMENTS--GENERAL INFORMATION
fixed length control field 240822s9999 xx 000 0 und d
020 ## - INTERNATIONAL STANDARD BOOK NUMBER
ISBN 9789390095407
Paper back/Hardbound hbk
041 ## - LANGUAGE CODE
Language code of text/sound track or separate title eng
082 ## - DEWEY DECIMAL CLASSIFICATION NUMBER
Classification number 327.51
Item number ANA
100 ## - MAIN ENTRY--AUTHOR NAME
Personal name Anand Tewari, Brigadier
245 #0 - TITLE STATEMENT
Title Chinese Geopolitics in The 21St Century : A Post Pandemic Perspective
Statement of responsibility, etc / Brigadier Anand Tewari (Retd)
250 ## - EDITION STATEMENT
Edition statement 1st edition
260 ## - PUBLICATION, DISTRIBUTION, ETC. (IMPRINT)
Name of publisher Pentagon Press
Year of publication 2021
Place of publication New Delhi
300 ## - PHYSICAL DESCRIPTION
Number of Pages 306 p
Other physical details ill,;
Dimensions 24 cm.
504 ## - BIBLIOGRAPHY, ETC. NOTE
Bibliography, etc Includes index
520 ## - SUMMARY, ETC.
Summary, etc Employs an 'inside-out' approach to examine China's geopolitics. To successfully address this issue as an outsider, the book searches for the roots of today`s China through its evolution of geospatial, human geographical, metaphysical and economic spheres.
650 ## - SUBJECT ADDED ENTRY--TOPICAL TERM
Topical Term International Relations & Globalization ,Indian History
942 ## - ADDED ENTRY ELEMENTS (KOHA)
Koha item type English Books
Holdings
Withdrawn status Lost status Damaged status Not for loan Home library Current library Shelving location Date acquired Cost, normal purchase price Full call number Accession Number Price effective from Koha item type Copy number
        Anna Centenary Library Anna Centenary Library 3RD FLOOR, B WING 22.08.2024 1295.00 327.51 ANA 672456 22.08.2024 English Books  
        Anna Centenary Library Anna Centenary Library 3RD FLOOR, B WING   1295.00 327.51 ANA;1 672457   English Books 1

Find us on the map